[Event "CECLUB Segunda División"]
[Site "Linares"]
[Date "2017.08.10"]
[Round "4"]
[White "Arizmendi Martinez, Julen Luis"]
[Black "Alsina Leal, Daniel"]
[Result "0-1"]
[Board "2"]
[WhiteTitle "GM"]
[WhiteElo "2513"]
[WhiteCountry "ESP"]
[WhiteFideId "2205092"]
[WhiteEloChange "-5"]
[BlackTitle "GM"]
[BlackElo "2507"]
[BlackCountry "ESP"]
[BlackFideId "2252627"]
[BlackEloChange "5"]

1. e4 {[%clk 1:30:30]} c5 {[%clk 1:30:30]} 2. Nf3 {[%clk 1:30:30]} d6 {[%clk
1:30:30]} 3. d4 {[%clk 1:30:30]} cxd4 {[%clk 1:30:30]} 4. Nxd4 {[%clk 1:30:30]}
Nf6 {[%clk 1:30:30]} 5. Nc3 {[%clk 1:30:30]} a6 {[%clk 1:30:30]} 6. h3 {[%clk
1:30:30]} e5 {[%clk 1:30:30]} 7. Nde2 {[%clk 1:30:30]} b5 {[%clk 1:30:30]} 8. g4
{[%clk 1:30:30]} b4 {[%clk 1:30:30]} 9. Nd5 {[%clk 1:30:30]} Nxd5 {[%clk
1:30:30]} 10. Qxd5 {[%clk 1:30:30]} Ra7 {[%clk 1:30:30]} 11. Be3 {[%clk 1:30:30]}
Be6 {[%clk 1:30:30]} 12. Qd3 {[%clk 1:30:30]} Rb7 {[%clk 1:30:30]} 13. Bg2 {[%clk
1:30:30]} Be7 {[%clk 1:30:30]} 14. b3 {[%clk 1:30:30]} Qa5 {[%clk 1:21:48]} 15.
O-O {[%clk 1:26:13]} O-O {[%clk 1:17:42]} 16. c4 {[%clk 1:16:34]} bxc3 {[%clk
1:06:31]} 17. Nxc3 {[%clk 1:16:43]} Rc8 {[%clk 1:02:42]} 18. Rfc1 {[%clk
1:14:50]} h6 {[%clk 0:42:42]} 19. Nd5 {[%clk 1:06:53]} Rxc1+ {[%clk 0:41:11]} 20.
Rxc1 {[%clk 1:06:53]} Bd8 {[%clk 0:36:18]} 21. a4 {[%clk 1:04:04]} Bxd5 {[%clk
0:33:19]} 22. exd5 {[%clk 1:03:50]} Rc7 {[%clk 0:33:03]} 23. Rc6 {[%clk 0:50:46]}
Nxc6 {[%clk 0:29:10]} 24. dxc6 {[%clk 0:50:46]} Qe1+ {[%clk 0:27:12]} 25. Kh2
{[%clk 0:51:04]} Bg5 {[%clk 0:26:45]} 26. Bxg5 {[%clk 0:49:28]} hxg5 {[%clk
0:26:45]} 27. Qxd6 {[%clk 0:49:03]} Qxf2 {[%clk 0:26:08]} 28. Qxe5 {[%clk
0:45:58]} Rc8 {[%clk 0:25:30]} 29. b4 {[%clk 0:45:43]} Rd8 {[%clk 0:23:52]} 30.
b5 {[%clk 0:44:17]} axb5 {[%clk 0:23:52]} 31. axb5 {[%clk 0:44:02]} Rd1 {[%clk
0:23:48]} 32. Qe8+ {[%clk 0:43:47]} Kh7 {[%clk 0:23:48]} 33. Qe4+ {[%clk
0:44:05]} g6 {[%clk 0:23:54]} 34. c7 {[%clk 0:43:14]} Qc5 {[%clk 0:22:42]} 35.
Qf3 {[%clk 0:43:09]} Qxc7+ {[%clk 0:23:00]} 36. Qg3 {[%clk 0:43:27]} Qxg3+ {[%clk
0:23:08]} 37. Kxg3 {[%clk 0:43:46]} Rb1 {[%clk 0:23:26]} 38. Bc6 {[%clk 0:43:53]}
Rb3+ {[%clk 0:22:34]} 39. Kf2 {[%clk 0:43:01]} Kg7 {[%clk 0:21:54]} 40. Kg2
{[%clk 0:43:19]} f5 {[%clk 0:21:48]} 41. Bd7 {[%clk 0:43:13]} Kf6 {[%clk
0:22:07]} 42. Be8 {[%clk 0:43:32]} f4 {[%clk 0:21:26]} 43. Bc6 {[%clk 0:43:04]}
Ke5 {[%clk 0:21:26]} 44. Kf2 {[%clk 0:42:47]} Kd4 {[%clk 0:21:34]} 45. Be8 {[%clk
0:42:54]} Rxh3 {[%clk 0:20:45]} 46. Bxg6 {[%clk 0:43:12]} Rb3 {[%clk 0:21:04]}
47. Be8 {[%clk 0:43:30]} Ke5 {[%clk 0:21:11]} 0-1

[Event "CECLUB Segunda División"]
[Site "Linares"]
[Date "2017.08.10"]
[Round "4"]
[White "Vila Gazquez, Xavier"]
[Black "Pallardo Lozoya, Jose Vicente"]
[Result "1-0"]
[Board "3"]
[WhiteTitle "GM"]
[WhiteElo "2483"]
[WhiteCountry "ESP"]
[WhiteFideId "2261090"]
[WhiteEloChange "4"]
[BlackTitle "FM"]
[BlackElo "2389"]
[BlackCountry "ESP"]
[BlackFideId "2230380"]
[BlackEloChange "-7"]

1. Nf3 {[%clk 1:30:54]} d5 {[%clk 1:30:43]} 2. g3 {[%clk 1:30:09]} Bg4 {[%clk
1:30:41]} 3. Bg2 {[%clk 1:30:05]} Nf6 {[%clk 1:27:04]} 4. c4 {[%clk 1:21:07]} c6
{[%clk 1:25:05]} 5. cxd5 {[%clk 1:15:14]} Bxf3 {[%clk 1:06:46]} 6. Bxf3 {[%clk
1:14:25]} cxd5 {[%clk 1:07:09]} 7. O-O {[%clk 1:01:09]} Nc6 {[%clk 0:57:58]} 8.
d3 {[%clk 0:51:02]} e6 {[%clk 0:56:06]} 9. Nc3 {[%clk 0:41:48]} Be7 {[%clk
0:42:20]} 10. a3 {[%clk 0:34:35]} Rc8 {[%clk 0:34:24]} 11. Bd2 {[%clk 0:34:08]}
O-O {[%clk 0:34:09]} 12. b4 {[%clk 0:33:15]} Qd7 {[%clk 0:32:23]} 13. Bg2 {[%clk
0:29:32]} Nd4 {[%clk 0:32:28]} 14. e3 {[%clk 0:23:18]} Nb5 {[%clk 0:21:41]} 15.
Ne2 {[%clk 0:20:30]} d4 {[%clk 0:13:41]} 16. exd4 {[%clk 0:13:58]} b6 {[%clk
0:09:39]} 17. Be3 {[%clk 0:10:51]} Nd5 {[%clk 0:07:52]} 18. Qd2 {[%clk 0:02:49]}
Bf6 {[%clk 0:07:55]} 19. a4 {[%clk 0:01:59]} Nbc3 {[%clk 0:07:47]} 20. b5 {[%clk
0:02:05]} Nxe2+ {[%clk 0:06:02]} 21. Qxe2 {[%clk 0:02:28]} Rc3 {[%clk 0:05:24]}
22. Rfc1 {[%clk 0:00:37]} Rfc8 {[%clk 0:05:29]} 23. Rxc3 {[%clk 0:00:34]} Rxc3
{[%clk 0:05:24]} 24. Qd2 {[%clk 0:00:30]} Qc7 {[%clk 0:00:48]} 25. Bxd5 {[%clk
0:00:50]} exd5 {[%clk 0:01:11]} 26. Bf4 {[%clk 0:00:53]} Qc8 {[%clk 0:00:43]} 27.
Be5 {[%clk 0:01:07]} Bxe5 {[%clk 0:00:54]} 28. dxe5 {[%clk 0:01:33]} d4 {[%clk
0:01:21]} 29. Re1 {[%clk 0:00:39]} Rc2 {[%clk 0:00:33]} 30. Qf4 {[%clk 0:00:40]}
Qc3 {[%clk 0:00:59]} 31. Qe4 {[%clk 0:00:43]} h6 {[%clk 0:00:32]} 32. e6 {[%clk
0:00:41]} f5 {[%clk 0:01:02]} 33. e7 {[%clk 0:00:35]} fxe4 {[%clk 0:01:24]} 34.
e8Q+ {[%clk 0:01:02]} Kh7 {[%clk 0:01:51]} 35. Qxe4+ {[%clk 0:01:14]} Kh8 {[%clk
0:02:11]} 36. Qe8+ {[%clk 0:00:33]} Kh7 {[%clk 0:02:36]} 37. Qe4+ {[%clk
0:00:34]} Kh8 {[%clk 0:03:01]} 38. h4 {[%clk 0:00:32]} Qd2 {[%clk 0:02:27]} 39.
Rf1 {[%clk 0:00:45]} Rc3 {[%clk 0:02:07]} 40. Qe8+ {[%clk 0:00:35]} Kh7 {[%clk
0:02:35]} 41. Qe4+ {[%clk 0:01:00]} Kh8 {[%clk 0:02:57]} 42. Qxd4 {[%clk
0:00:57]} Rxd3 {[%clk 0:03:04]} 43. Qe4 {[%clk 0:01:03]} Qc3 {[%clk 0:01:24]} 44.
Re1 {[%clk 0:00:49]} Rd8 {[%clk 0:00:36]} 45. Qe7 {[%clk 0:01:09]} Rc8 {[%clk
0:00:39]} 46. Rd1 {[%clk 0:01:23]} Kh7 {[%clk 0:00:37]} 47. Qxa7 {[%clk 0:00:54]}
Qf3 {[%clk 0:00:32]} 48. Qd7 {[%clk 0:00:48]} Rc3 {[%clk 0:00:54]} 49. Qd4 {[%clk
0:00:36]} Ra3 {[%clk 0:00:42]} 50. Re1 {[%clk 0:00:57]} Qb3 {[%clk 0:00:36]} 51.
Re7 {[%clk 0:00:54]} Qb1+ {[%clk 0:00:36]} 52. Kg2 {[%clk 0:00:39]} Qg6 {[%clk
0:00:42]} 53. h5 {[%clk 0:00:53]} Rxg3+ {[%clk 0:00:34]} 54. fxg3 {[%clk
0:01:17]} Qc2+ {[%clk 0:00:56]} 55. Qf2 {[%clk 0:01:25]} Qd3 {[%clk 0:00:51]} 56.
Qe2 {[%clk 0:01:49]} 1-0

[Event "CECLUB Segunda División"]
[Site "Linares"]
[Date "2017.08.10"]
[Round "4"]
[White "Vassallo Barroche, Mauricio"]
[Black "Alonso Moyano, Jonathan"]
[Result "1/2-1/2"]
[Board "4"]
[WhiteTitle "IM"]
[WhiteElo "2369"]
[WhiteCountry "ESP"]
[WhiteFideId "101648"]
[WhiteEloChange "1"]
[BlackTitle "IM"]
[BlackElo "2404"]
[BlackCountry "ESP"]
[BlackFideId "2216019"]
[BlackEloChange "-1"]

1. d4 {[%clk 1:30:33]} f5 {[%clk 1:30:51]} 2. g3 {[%clk 1:29:15]} Nf6 {[%clk
1:31:13]} 3. Bg2 {[%clk 1:29:41]} g6 {[%clk 1:31:25]} 4. Nf3 {[%clk 1:28:40]} Bg7
{[%clk 1:31:46]} 5. O-O {[%clk 1:28:56]} O-O {[%clk 1:32:08]} 6. b3 {[%clk
1:29:21]} Ne4 {[%clk 1:27:58]} 7. Bb2 {[%clk 1:29:44]} c5 {[%clk 1:28:00]} 8. e3
{[%clk 1:25:20]} d5 {[%clk 1:22:36]} 9. c4 {[%clk 1:17:13]} e6 {[%clk 1:21:13]}
10. Nc3 {[%clk 1:10:50]} Nc6 {[%clk 1:18:52]} 11. Rc1 {[%clk 0:58:47]} Nb4 {[%clk
1:01:25]} 12. a3 {[%clk 0:52:50]} Na6 {[%clk 0:54:16]} 13. dxc5 {[%clk 0:46:06]}
Naxc5 {[%clk 0:49:37]} 14. cxd5 {[%clk 0:42:59]} exd5 {[%clk 0:48:16]} 15. Nxe4
{[%clk 0:38:43]} Nxe4 {[%clk 0:48:38]} 16. Bxg7 {[%clk 0:39:05]} Kxg7 {[%clk
0:49:06]} 17. Qd4+ {[%clk 0:38:48]} Kg8 {[%clk 0:49:16]} 18. Rfd1 {[%clk
0:36:48]} Be6 {[%clk 0:49:04]} 19. Qe5 {[%clk 0:31:14]} Qf6 {[%clk 0:36:00]} 20.
Qxf6 {[%clk 0:28:17]} Rxf6 {[%clk 0:34:55]} 21. Nd4 {[%clk 0:28:15]} Bf7 {[%clk
0:34:16]} 22. Rc7 {[%clk 0:26:55]} Rb6 {[%clk 0:32:53]} 23. Rdc1 {[%clk 0:24:07]}
Nf6 {[%clk 0:25:41]} 24. h4 {[%clk 0:21:06]} Kf8 {[%clk 0:23:48]} 25. Bf3 {[%clk
0:18:51]} Rd8 {[%clk 0:22:22]} 26. a4 {[%clk 0:17:12]} Rd7 {[%clk 0:21:12]} 27.
Rxd7 {[%clk 0:15:23]} Nxd7 {[%clk 0:21:37]} 28. Rc7 {[%clk 0:13:42]} Ke8 {[%clk
0:17:47]} 29. a5 {[%clk 0:12:53]} Rb4 {[%clk 0:18:05]} 30. Be2 {[%clk 0:13:03]}
Kd8 {[%clk 0:14:38]} 31. Rc3 {[%clk 0:13:07]} Nb8 {[%clk 0:14:32]} 32. f3 {[%clk
0:12:18]} Nc6 {[%clk 0:07:24]} 33. Rxc6 {[%clk 0:07:12]} Rxd4 {[%clk 0:07:49]}
34. Rf6 {[%clk 0:07:40]} Rd2 {[%clk 0:08:11]} 35. Rxf7 {[%clk 0:08:05]} Rxe2
{[%clk 0:08:37]} 36. Rxb7 {[%clk 0:08:31]} Rxe3 {[%clk 0:08:12]} 37. Kf2 {[%clk
0:08:56]} Re7 {[%clk 0:06:37]} 38. Rxe7 {[%clk 0:05:37]} Kxe7 {[%clk 0:07:03]}
39. Ke3 {[%clk 0:06:04]} Kd6 {[%clk 0:07:17]} 40. Kd4 {[%clk 0:06:30]} Kc6 {[%clk
0:04:38]} 41. g4 {[%clk 0:04:02]} fxg4 {[%clk 0:04:08]} 42. fxg4 {[%clk 0:04:31]}
Kb5 {[%clk 0:03:55]} 43. Kxd5 {[%clk 0:04:18]} Kxa5 {[%clk 0:04:15]} 44. Kc5
{[%clk 0:04:33]} Ka6 {[%clk 0:03:12]} 45. h5 {[%clk 0:02:55]} gxh5 {[%clk
0:03:36]} 46. gxh5 {[%clk 0:03:24]} h6 {[%clk 0:03:31]} 47. b4 {[%clk 0:02:57]}
Kb7 {[%clk 0:03:51]} 48. b5 {[%clk 0:03:02]} Kc7 {[%clk 0:03:15]} 49. Kd5 {[%clk
0:03:10]} Kb6 {[%clk 0:03:40]} 50. Kc4 {[%clk 0:03:33]} Kb7 {[%clk 0:03:28]} 51.
Kc5 {[%clk 0:03:58]} Kc7 {[%clk 0:03:52]} 52. Kd5 {[%clk 0:04:23]} Kb6 {[%clk
0:04:17]} 1/2-1/2

[Event "CECLUB Segunda División"]
[Site "Linares"]
[Date "2017.08.10"]
[Round "4"]
[White "Dvirnyy, Danyyil"]
[Black "Pazos Porta, Antonio"]
[Result "1-0"]
[Board "1"]
[WhiteTitle "GM"]
[WhiteElo "2558"]
[WhiteCountry "ITA"]
[WhiteFideId "817570"]
[WhiteEloChange "2"]
[BlackTitle "FM"]
[BlackElo "2325"]
[BlackCountry "ESP"]
[BlackFideId "2263190"]
[BlackEloChange "-4"]

1. d4 {[%clk 1:30:30]} Nf6 {[%clk 1:30:30]} 2. c4 {[%clk 1:30:30]} g6 {[%clk
1:30:30]} 3. g3 {[%clk 1:30:30]} Bg7 {[%clk 1:30:30]} 4. Bg2 {[%clk 1:30:30]} O-O
{[%clk 1:30:30]} 5. Nc3 {[%clk 1:30:30]} d6 {[%clk 1:30:30]} 6. Nf3 {[%clk
1:30:30]} Nc6 {[%clk 1:30:30]} 7. O-O {[%clk 1:30:30]} a6 {[%clk 1:30:30]} 8. Bf4
{[%clk 1:30:30]} Bf5 {[%clk 1:30:30]} 9. Rc1 {[%clk 1:30:30]} Qd7 {[%clk
1:30:30]} 10. Qd2 {[%clk 1:30:30]} Ne4 {[%clk 1:30:30]} 11. Nxe4 {[%clk 1:30:30]}
Bxe4 {[%clk 1:30:30]} 12. d5 {[%clk 1:30:30]} Bxf3 {[%clk 1:30:30]} 13. Bxf3
{[%clk 1:30:30]} Ne5 {[%clk 1:30:30]} 14. Bg2 {[%clk 1:30:30]} b5 {[%clk
1:30:30]} 15. cxb5 {[%clk 1:30:30]} axb5 {[%clk 1:30:30]} 16. b3 {[%clk 1:30:30]}
Rfb8 {[%clk 1:30:30]} 17. Rc2 {[%clk 1:29:50]} Rb7 {[%clk 1:29:03]} 18. Rfc1
{[%clk 1:29:17]} b4 {[%clk 1:29:23]} 19. h4 {[%clk 1:29:25]} Qd8 {[%clk 1:28:25]}
20. h5 {[%clk 1:24:13]} Nd7 {[%clk 1:24:09]} 21. Rc4 {[%clk 1:08:19]} Rba7 {[%clk
1:18:00]} 22. Qxb4 {[%clk 1:03:13]} Rxa2 {[%clk 1:18:07]} 23. Rxc7 {[%clk
0:56:09]} Nc5 {[%clk 1:18:04]} 24. R1xc5 {[%clk 0:55:56]} dxc5 {[%clk 1:18:13]}
25. Qxc5 {[%clk 0:55:56]} Bf8 {[%clk 1:10:13]} 26. d6 {[%clk 0:51:28]} Rxe2
{[%clk 1:00:25]} 27. Bxa8 {[%clk 0:47:20]} Qxa8 {[%clk 0:56:31]} 28. Qc6 {[%clk
0:47:39]} Qa5 {[%clk 0:54:37]} 29. Qf3 {[%clk 0:47:03]} exd6 {[%clk 0:53:15]} 30.
Bxd6 {[%clk 0:40:20]} Re7 {[%clk 0:53:11]} 31. Rxe7 {[%clk 0:38:01]} Bxe7 {[%clk
0:53:19]} 32. Bxe7 {[%clk 0:38:01]} Qe1+ {[%clk 0:53:19]} 33. Kg2 {[%clk
0:38:19]} Qxe7 {[%clk 0:53:19]} 34. h6 {[%clk 0:38:06]} Qf8 {[%clk 0:53:14]} 35.
Qf4 {[%clk 0:36:47]} f6 {[%clk 0:50:35]} 36. b4 {[%clk 0:36:32]} Qa8+ {[%clk
0:49:44]} 37. Qf3 {[%clk 0:35:19]} Qb8 {[%clk 0:49:18]} 38. Qxf6 {[%clk 0:35:03]}
1-0

[Event "CECLUB Segunda División"]
[Site "Linares"]
[Date "2017.08.10"]
[Round "4"]
[White "Rey Malde, Henrique"]
[Black "Vega Gutierrez, Sabrina"]
[Result "0-1"]
[Board "2"]
[WhiteElo "2184"]
[WhiteCountry "ESP"]
[WhiteFideId "2244969"]
[WhiteEloChange "-5"]
[BlackTitle "IM"]
[BlackElo "2369"]
[BlackCountry "ESP"]
[BlackFideId "2219026"]
[BlackEloChange "5"]

1. e4 {[%clk 1:30:39]} c5 {[%clk 1:30:50]} 2. Nf3 {[%clk 1:30:30]} d6 {[%clk
1:31:07]} 3. d4 {[%clk 1:30:36]} cxd4 {[%clk 1:31:28]} 4. Nxd4 {[%clk 1:30:54]}
Nf6 {[%clk 1:31:49]} 5. Nc3 {[%clk 1:31:08]} e6 {[%clk 1:32:09]} 6. g4 {[%clk
1:21:16]} h6 {[%clk 1:32:20]} 7. h4 {[%clk 1:17:37]} Nc6 {[%clk 1:32:09]} 8. Rg1
{[%clk 1:13:02]} d5 {[%clk 1:31:45]} 9. Nxc6 {[%clk 0:48:28]} bxc6 {[%clk
1:31:10]} 10. g5 {[%clk 0:48:46]} hxg5 {[%clk 1:22:36]} 11. hxg5 {[%clk 0:48:11]}
Nxe4 {[%clk 1:17:16]} 12. Nxe4 {[%clk 0:47:19]} dxe4 {[%clk 1:17:37]} 13. Qxd8+
{[%clk 0:46:32]} Kxd8 {[%clk 1:18:00]} 14. Bg2 {[%clk 0:43:05]} Bb4+ {[%clk
1:07:43]} 15. c3 {[%clk 0:41:58]} Bd6 {[%clk 0:55:43]} 16. Bxe4 {[%clk 0:39:08]}
Kc7 {[%clk 0:55:07]} 17. Be3 {[%clk 0:38:15]} Rh4 {[%clk 0:51:47]} 18. Bf3 {[%clk
0:35:22]} e5 {[%clk 0:48:08]} 19. O-O-O {[%clk 0:30:49]} Be6 {[%clk 0:47:43]} 20.
b3 {[%clk 0:27:57]} Ba3+ {[%clk 0:44:29]} 21. Kb1 {[%clk 0:27:54]} a5 {[%clk
0:44:04]} 22. Be2 {[%clk 0:21:35]} Rb8 {[%clk 0:40:12]} 23. Kc2 {[%clk 0:18:32]}
Bd5 {[%clk 0:26:37]} 24. Rd2 {[%clk 0:13:51]} Rbh8 {[%clk 0:19:32]} 25. Rgd1
{[%clk 0:12:11]} Be4+ {[%clk 0:13:59]} 26. Bd3 {[%clk 0:12:19]} Bf3 {[%clk
0:14:25]} 27. Be2 {[%clk 0:12:22]} Be4+ {[%clk 0:14:23]} 28. Bd3 {[%clk 0:12:45]}
Bf3 {[%clk 0:14:51]} 29. Be2 {[%clk 0:13:06]} Bxe2 {[%clk 0:14:54]} 30. Rxe2
{[%clk 0:13:28]} Rh1 {[%clk 0:15:04]} 31. Red2 {[%clk 0:12:01]} Rxd1 {[%clk
0:15:19]} 32. Rxd1 {[%clk 0:11:34]} Be7 {[%clk 0:11:34]} 33. Rg1 {[%clk 0:10:45]}
Rh4 {[%clk 0:09:27]} 34. Kd3 {[%clk 0:09:02]} Kd6 {[%clk 0:07:03]} 35. c4 {[%clk
0:09:25]} Ke6 {[%clk 0:05:17]} 36. Bb6 {[%clk 0:08:51]} Bb4 {[%clk 0:04:41]} 37.
a3 {[%clk 0:05:24]} Bxa3 {[%clk 0:05:02]} 38. Bxa5 {[%clk 0:05:46]} Rh3+ {[%clk
0:03:51]} 39. Rg3 {[%clk 0:03:22]} Rxg3+ {[%clk 0:02:11]} 40. fxg3 {[%clk
0:03:48]} Bc1 {[%clk 0:02:35]} 41. Bd8 {[%clk 0:03:55]} Kd7 {[%clk 0:02:51]} 42.
Bb6 {[%clk 0:03:01]} Bxg5 {[%clk 0:03:12]} 43. b4 {[%clk 0:01:59]} Ke6 {[%clk
0:03:35]} 44. g4 {[%clk 0:01:35]} g6 {[%clk 0:03:21]} 45. b5 {[%clk 0:01:48]}
cxb5 {[%clk 0:03:36]} 46. cxb5 {[%clk 0:02:15]} Kd5 {[%clk 0:03:39]} 47. Bf2
{[%clk 0:01:32]} e4+ {[%clk 0:03:37]} 48. Ke2 {[%clk 0:01:31]} f5 {[%clk
0:03:05]} 49. gxf5 {[%clk 0:01:48]} gxf5 {[%clk 0:03:33]} 50. Ba7 {[%clk
0:01:19]} Be7 {[%clk 0:02:54]} 51. Be3 {[%clk 0:00:46]} Bc5 {[%clk 0:02:06]} 52.
Bf4 {[%clk 0:00:37]} Kc4 {[%clk 0:02:02]} 53. Bd2 {[%clk 0:00:38]} Kxb5 {[%clk
0:02:23]} 0-1

[Event "CECLUB Segunda División"]
[Site "Linares"]
[Date "2017.08.10"]
[Round "4"]
[White "Bressac, Stephane"]
[Black "Mejuto De Ulloa, Jorge"]
[Result "1-0"]
[Board "3"]
[WhiteTitle "FM"]
[WhiteElo "2365"]
[WhiteCountry "FRA"]
[WhiteFideId "655945"]
[WhiteEloChange "4"]
[BlackElo "2132"]
[BlackCountry "ESP"]
[BlackFideId "2288370"]
[BlackEloChange "-4"]

1. e4 {[%clk 1:30:56]} e6 {[%clk 1:29:04]} 2. d4 {[%clk 1:31:19]} d5 {[%clk
1:29:29]} 3. Nd2 {[%clk 1:31:46]} dxe4 {[%clk 1:27:39]} 4. Nxe4 {[%clk 1:32:07]}
Nd7 {[%clk 1:28:05]} 5. Nf3 {[%clk 1:31:57]} Ngf6 {[%clk 1:28:31]} 6. Nxf6+
{[%clk 1:32:13]} Nxf6 {[%clk 1:28:57]} 7. Be3 {[%clk 1:32:39]} Be7 {[%clk
1:27:39]} 8. Bd3 {[%clk 1:32:18]} O-O {[%clk 1:28:02]} 9. Ne5 {[%clk 1:29:35]} c5
{[%clk 1:22:58]} 10. O-O {[%clk 1:18:16]} Qc7 {[%clk 1:13:15]} 11. Re1 {[%clk
1:13:46]} cxd4 {[%clk 0:57:09]} 12. Bxd4 {[%clk 1:14:09]} b6 {[%clk 0:57:33]} 13.
Qf3 {[%clk 1:12:54]} Bb7 {[%clk 0:57:50]} 14. Qh3 {[%clk 1:13:17]} h6 {[%clk
0:55:13]} 15. Ng6 {[%clk 0:55:09]} Rfd8 {[%clk 0:52:42]} 16. Be5 {[%clk 0:55:26]}
Qd7 {[%clk 0:38:42]} 17. Bb5 {[%clk 0:47:54]} Qxb5 {[%clk 0:39:07]} 18. Nxe7+
{[%clk 0:48:19]} Kh7 {[%clk 0:39:32]} 19. Qh4 {[%clk 0:34:49]} g5 {[%clk
0:20:37]} 20. Qh3 {[%clk 0:29:11]} Ne4 {[%clk 0:19:41]} 21. Qf3 {[%clk 0:16:15]}
f5 {[%clk 0:16:59]} 22. Nxf5 {[%clk 0:12:40]} Qxe5 {[%clk 0:17:28]} 23. Ng3
{[%clk 0:12:50]} Rf8 {[%clk 0:17:42]} 24. Qe3 {[%clk 0:12:54]} Rf4 {[%clk
0:13:33]} 25. f3 {[%clk 0:13:19]} Rd8 {[%clk 0:13:39]} 26. fxe4 {[%clk 0:08:35]}
Qxb2 {[%clk 0:13:50]} 27. Rad1 {[%clk 0:08:07]} Rxd1 {[%clk 0:12:08]} 28. Rxd1
{[%clk 0:08:36]} Qxc2 {[%clk 0:12:10]} 29. Rc1 {[%clk 0:07:43]} Qb2 {[%clk
0:11:45]} 30. Rc7+ {[%clk 0:07:13]} Kg6 {[%clk 0:11:46]} 31. h3 {[%clk 0:07:42]}
Bxe4 {[%clk 0:11:09]} 32. Ne2 {[%clk 0:07:15]} Bd5 {[%clk 0:03:40]} 33. Nxf4+
{[%clk 0:06:52]} gxf4 {[%clk 0:04:09]} 34. Qd3+ {[%clk 0:06:01]} Kh5 {[%clk
0:03:41]} 35. Rc2 {[%clk 0:06:05]} Qg7 {[%clk 0:02:41]} 36. Qd2 {[%clk 0:03:24]}
f3 {[%clk 0:01:27]} 37. g4+ {[%clk 0:03:50]} Kg6 {[%clk 0:01:40]} 38. Qd3+ {[%clk
0:04:05]} Kg5 {[%clk 0:01:44]} 39. Qe3+ {[%clk 0:04:30]} Kg6 {[%clk 0:01:26]} 40.
Kf2 {[%clk 0:03:24]} Qf6 {[%clk 0:01:41]} 41. Kg3 {[%clk 0:03:30]} h5 {[%clk
0:01:05]} 42. Qd3+ {[%clk 0:01:36]} Kh6 {[%clk 0:01:25]} 43. Qd2+ {[%clk
0:00:58]} Kg6 {[%clk 0:01:39]} 44. Qd3+ {[%clk 0:01:09]} Kh6 {[%clk 0:02:04]} 45.
Qe3+ {[%clk 0:01:33]} Kg6 {[%clk 0:02:05]} 46. Rd2 {[%clk 0:01:20]} b5 {[%clk
0:01:21]} 47. a3 {[%clk 0:01:42]} a5 {[%clk 0:01:09]} 48. Rd4 {[%clk 0:01:49]} b4
{[%clk 0:00:33]} 49. axb4 {[%clk 0:02:16]} axb4 {[%clk 0:01:02]} 50. Rxb4 {[%clk
0:00:40]} f2 {[%clk 0:01:21]} 51. gxh5+ {[%clk 0:01:07]} Kxh5 {[%clk 0:01:28]}
52. Qe2+ {[%clk 0:00:39]} Bf3 {[%clk 0:00:47]} 53. Rb5+ {[%clk 0:00:45]} Kh6
{[%clk 0:00:30]} 1-0

[Event "CECLUB Segunda División"]
[Site "Linares"]
[Date "2017.08.10"]
[Round "4"]
[White "Millan Soto, Miguel"]
[Black "Gutierrez Olivares, Daniel"]
[Result "1-0"]
[Board "4"]
[WhiteElo "2083"]
[WhiteCountry "ESP"]
[WhiteFideId "2292351"]
[WhiteEloChange "16"]
[BlackTitle "FM"]
[BlackElo "2349"]
[BlackCountry "ESP"]
[BlackFideId "2264005"]
[BlackEloChange "-16"]

1. e4 {[%clk 1:30:31]} c6 {[%clk 1:30:53]} 2. d4 {[%clk 1:30:42]} d5 {[%clk
1:30:41]} 3. Nd2 {[%clk 1:28:24]} dxe4 {[%clk 1:29:13]} 4. Nxe4 {[%clk 1:28:25]}
Nf6 {[%clk 1:28:22]} 5. Nxf6+ {[%clk 1:28:42]} exf6 {[%clk 1:28:25]} 6. c3 {[%clk
1:26:40]} Bd6 {[%clk 1:27:40]} 7. Bd3 {[%clk 1:26:51]} O-O {[%clk 1:26:30]} 8.
Qc2 {[%clk 1:26:56]} h6 {[%clk 1:25:48]} 9. Ne2 {[%clk 1:25:58]} Qc7 {[%clk
1:19:48]} 10. Be3 {[%clk 1:08:44]} Re8 {[%clk 1:17:55]} 11. O-O-O {[%clk
1:05:26]} Nd7 {[%clk 1:08:55]} 12. g3 {[%clk 0:48:04]} Nf8 {[%clk 1:05:10]} 13.
c4 {[%clk 0:26:32]} Qa5 {[%clk 1:02:15]} 14. c5 {[%clk 0:23:20]} Bc7 {[%clk
0:54:45]} 15. a4 {[%clk 0:16:07]} Bb8 {[%clk 0:51:25]} 16. Bd2 {[%clk 0:10:34]}
Qd8 {[%clk 0:51:05]} 17. Bc4 {[%clk 0:06:45]} Bg4 {[%clk 0:49:08]} 18. Bc3 {[%clk
0:06:38]} Bf3 {[%clk 0:47:51]} 19. Rhe1 {[%clk 0:06:51]} Qd7 {[%clk 0:41:34]} 20.
Qb3 {[%clk 0:05:28]} Ne6 {[%clk 0:41:08]} 21. Rd3 {[%clk 0:04:18]} Ng5 {[%clk
0:21:19]} 22. h4 {[%clk 0:00:48]} Bxe2 {[%clk 0:18:50]} 23. hxg5 {[%clk 0:00:40]}
hxg5 {[%clk 0:11:52]} 24. Kd2 {[%clk 0:00:36]} Bf4+ {[%clk 0:05:43]} 25. gxf4
{[%clk 0:00:51]} Bxd3 {[%clk 0:06:08]} 26. Rxe8+ {[%clk 0:00:58]} Rxe8 {[%clk
0:06:28]} 27. Bxd3 {[%clk 0:01:26]} gxf4 {[%clk 0:04:42]} 28. Kc1 {[%clk
0:00:47]} Qh3 {[%clk 0:03:50]} 29. Qd1 {[%clk 0:01:05]} f3 {[%clk 0:02:48]} 30.
Qf1 {[%clk 0:01:24]} Qg2 {[%clk 0:02:18]} 31. Bd2 {[%clk 0:01:10]} Rd8 {[%clk
0:01:56]} 32. Be3 {[%clk 0:01:24]} b6 {[%clk 0:01:01]} 33. b4 {[%clk 0:01:21]}
bxc5 {[%clk 0:01:14]} 34. bxc5 {[%clk 0:01:50]} Rb8 {[%clk 0:01:07]} 35. Kc2
{[%clk 0:01:45]} Qg4 {[%clk 0:00:45]} 36. Qh1 {[%clk 0:01:39]} g6 {[%clk
0:00:51]} 37. Qh2 {[%clk 0:01:58]} Rd8 {[%clk 0:00:34]} 38. Qc7 {[%clk 0:02:09]}
Rc8 {[%clk 0:00:50]} 39. Qxa7 {[%clk 0:02:22]} Qe6 {[%clk 0:01:19]} 40. Qb7
{[%clk 0:02:05]} Qa2+ {[%clk 0:01:33]} 41. Kc3 {[%clk 0:02:10]} Qa1+ {[%clk
0:01:44]} 42. Kd2 {[%clk 0:02:20]} Qa2+ {[%clk 0:01:42]} 43. Bc2 {[%clk 0:02:36]}
Qe6 {[%clk 0:00:59]} 44. Bb3 {[%clk 0:02:59]} Qf5 {[%clk 0:00:44]} 45. Qxf7+
{[%clk 0:03:10]} Kh8 {[%clk 0:01:13]} 46. Bh6 {[%clk 0:03:07]} 1-0